Taylor Swift - Ex et compagnon par image - Statistiques

Statistiques générales
  • Ce quiz a été pris 347 fois
  • Le résultat moyen est 9 sur 16
Statistiques - réponses
Par images Réponse % Correct
Harry Styles
99%
Taylor Launter
96%
Travis Kelce
95%
Joe Jonas
89%
Joe Alwyn
83%
John Mayer
81%
Tom Hiddleston
81%
Jake Gyllenhaal
78%
Calvin Harris
77%
Matty Healy
62%
Cory Monteith
27%
Lucas Till
24%
Conor Kennedy
20%
Sam Armstrong
6%
Drew Dunlap
2%
Drew Hardwick
2%
Aucun quiz correspondant
Distribution des résultats
% des personnes avec chaque résultat
Percentile par nombre de réponses
Votre historique - résultats
Vous n’avez pas pris ce quiz